| 000 | 01150nam a2200289 4500 | ||
|---|---|---|---|
| 001 | 178822 | ||
| 003 | ES-MaACL | ||
| 005 | 20250806060947.0 | ||
| 008 | 110712s2010 sp ao f |||| | spa d | ||
| 020 | _a978-84-7360-338-6 | ||
| 080 | _a343.123.1 | ||
| 080 | _a340.6 | ||
| 245 | 0 | 0 |
_aManual de criminalística y ciencias forenses _b: técnicas forenses aplicadas a la investigación criminal / _ccoordinadoras científicas, María José Anadón Baselga, María del Mar Robledo Acinas. |
| 246 | 3 | 0 | _aTécnicas forenses aplicadas a la investigación criminal |
| 260 |
_aMadrid : _bTébar, _c[2010] |
||
| 300 |
_a506 p. : _bil. col. y n., fot. ; _c24 cm. |
||
| 504 | _aBibliografía: p. 479-506. | ||
| 650 | 7 |
_aInvestigación criminal. _9136314 |
|
| 650 | 0 | 7 |
_aMedicina legal _2embne _914928 |
| 650 | 4 |
_aCriminalística. _9147321 |
|
| 700 | 1 |
_aAnadón Baselga, María José. _9147319 |
|
| 700 | 1 |
_aRobledo Acinas, María del Mar. _9147320 |
|
| 852 |
_aES-MaACL _9185686 _bR.146094 _jA-11339 _cDEPO1 _dOlim: N-4343 _xDonación: Editorial |
||
| 942 |
_2udc _cMONOGRAFIA |
||
| 999 |
_c178822 _d178822 |
||